Bats : a portrait of the animal world

Bibliographic Details
Main Author: Cleave,Andrew
Format: Book
Published: New York : Todtri , 1997
Subjects:

MARC

LEADER 00000cam a2200000 7i4500
001 0000005395
005 20080512.0
008 070803
020 |a 1577171306 
090 0 0 |a 599.4   |b CLE 
100 1 |a Cleave,Andrew 
245 1 0 |a Bats :   |b a portrait of the animal world   |c Andrew Cleave 
260 |a New York :   |b Todtri ,   |c 1997 
650 0 |a Bats 
650 0 |a bats   |x dictorial works 
999 |a 0000979566   |b Book   |c Adult Collection   |e Cawangan Urban Transformation Centre